| 000 | 00998nam a2200265 a 4500 | ||
|---|---|---|---|
| 001 | 86429 | ||
| 003 | BD-RjUL | ||
| 005 | 20260505110419.0 | ||
| 008 | 260505s2020 bg ||||| |||| 00| 0 eng d | ||
| 020 | _a9789843483133 | ||
| 035 | _a(BD-RjUL)86429 | ||
| 040 |
_aBD-RjUL _beng _cBD-RjUL |
||
| 041 | _aeng | ||
| 082 |
_223 _a624.2 _bPRO 2020 |
||
| 245 |
_aProceedings of the IABSE-JSCE Joint Conference on Advances in Bridge Engineering-IV, August 26-27, 2020, Dhaka, Bangladesh / _cEdited by A.F.M. Saiful Amin, Yoshiaki Okui, Md. Abdur Rahman Bhuiyan, Mahmudur Rahman . |
||
| 260 |
_aDhaka : _bBangladesh Group of IABSE , _cc2020. |
||
| 300 |
_a xvi, 539 p. : _b ill. ; _c30 cm |
||
| 504 | _aIncludes bibliographical references . | ||
| 650 |
_aBridge construction _918342 |
||
| 700 |
_aAmin, A.F.M. Saiful (Editor) _918343 |
||
| 700 |
_aOkui, Yoshiaki (Editor) _918344 |
||
| 700 |
_aBhuiyan, Md. Abdur Rahman (Editor) _918345 |
||
| 700 |
_aRahman, Mahmudur (Editor) _918346 |
||
| 942 |
_2ddc _cREF |
||
| 999 |
_c86429 _d86429 |
||